|
|
|
|
| LEADER |
00852nam a2200229 a 4500 |
| 001 |
4102806 |
| 008 |
090518s1974 enka b 001 0 eng d |
| 010 |
|
|
|a 74189083
|
| 020 |
|
|
|a 0422745308 :
|c £4.50.
|a 0422745405
|b pbk.
|
| 040 |
|
|
|a DLC
|c DLC
|d DLC
|
| 082 |
0 |
0 |
|a 330.9/012
|
| 100 |
1 |
|
|a Sahlins, Marshall David,
|d 1930-
|
| 245 |
1 |
0 |
|a Stone age economics /
|c [by] Marshall Sahlins.
|
| 260 |
|
|
|a London :
|b Tavistock Publications,
|c 1974.
|
| 300 |
|
|
|a xiv, 348 p. :
|b ill. ;
|c 21 cm.
|
| 504 |
|
|
|a Bibliography: p. 315-336.
|
| 541 |
1 |
|
|e 00000094
|
| 500 |
|
|
|a Includes index.
|
| 650 |
|
0 |
|a Economic anthropology.
|
| 852 |
4 |
|
|a Ayesha Abed library
|j Generl Shelf
|
| 999 |
|
|
|c 852
|d 852
|
| 952 |
|
|
|0 0
|1 0
|2 ddc
|4 0
|6 330_901200000000000_SAH_1974
|7 0
|8 NFIC
|9 793
|a BRACUL
|b BRACUL
|c GEN
|d 2009-05-19
|g 399.00
|l 1
|o 330.9012 SAH
|p 3010000094
|r 2017-01-11
|s 2017-01-09
|t 1
|w 2009-05-19
|y BK
|